000 00262nam a2200133Ia 4500
100 _aGOVINDRAJALU/B
942 _cBK
366 _f15
245 _aIBM PC & CLONES
260 _bTata McGraw Hil
_aNew Delhi
300 _a963
546 _aENGLISH
999 _c19321
_d19321